Hockey - Meilleurs buteurs NHL 2024/2025 - Statistiques

Statistiques générales
  • Ce quiz a été pris 1 090 fois
    886 depuis la dernière actualisation
  • Le résultat moyen est 14 sur 30
Statistiques - réponses
Équipe Buts Joueur % Correct
Washington Capitals 44* Alexander Ovechkin
83%
Toronto Maple Leafs 33 Auston Matthews
80%
Montreal Canadiens 37 Cole Caufield
76%
Winnipeg Jets 41 Kyle Connor
76%
Tampa Bay Lightning 37 Nikita Kucherov
72%
Pittsburgh Penguins 33 Sidney Crosby
72%
Toronto Maple Leafs 45 William Nylander
67%
Edmonton Oilers 52 Leon Draisaitl
66%
Buffalo Sabres 44 Tage Thompson
62%
Boston Bruins 43 David Pastrnak
57%
Tampa Bay Lightning 42 Brayden Point
56%
New York Rangers 37 Artemi Panarin
54%
Dallas Stars 35 Jason Robertson
48%
Toronto Maple Leafs 38 John Tavares
45%
Florida Panthers 39 Sam Reinhart
43%
Tampa Bay Lightning 35 Brandon Hagel
39%
Tampa Bay Lightning 41 Jake Guentzel
39%
Los Angeles Kings 35 Adrian Kempe
37%
Detroit Red Wings 39 Alex DeBrincat
36%
Winnipeg jets 39 Mark Scheifele
36%
Saint Louis Blues 36 Jordan Kyrou
35%
Calgary Flames 35 Nazem Kadri
33%
New Jersey Devils 35 Nico Hischier
32%
Buffalo Sabres 36 Alex Tuch
28%
Los Angeles Kings 35 Kevin Fiala
28%
Washington Capitals 33 Tom Wilson
27%
Boston Bruins 33 Morgan Geekie
23%
Dallas Stars 33 Wyatt Johnston
21%
Pittsburgh Penguins 35 Rickard Rakell
19%
Vegas Golden Knights 35 Pavel Dorofeyev
17%
Aucun quiz correspondant
Distribution des résultats
% des personnes avec chaque résultat
Percentile par nombre de réponses
Votre historique - résultats
Vous n’avez pas pris ce quiz depuis la dernière actualisation